| 000 | 00000nam 2200000za 4500 |
| 001 | 9.867524 |
| 003 | CaOODSP |
| 005 | 20221107162332 |
| 007 | cr ||||||||||| |
| 008 | 190123s2019 onc o f000 0 eng d |
| 040 | |aCaOODSP|beng |
| 043 | |an-cn--- |
| 086 | 1 |aYN5-168/2019E-PDF |
| 245 | 00|aPBO and Finance Canada long-term projection comparison |h[electronic resource]. |
| 260 | |aOttawa : |bOffice of the Parliamentary Budget Officer, |c2019. |
| 300 | |a9 p. |
| 500 | |aIssued also in French under title: Comparaison des projections à long terme du DPB et du ministère des Finances Canada. |
| 500 | |a"17 January 2019." |
| 500 | |aCover title. |
| 504 | |aIncludes bibliographical references. |
| 520 | |a"Long-term projections are an essential element of budget transparency and sustainability analysis. This report provides a comparison of long-term economic and fiscal projections prepared by Finance Canada and PBO in 2018" -- Executive summary, p. 1. |
| 692 | 07|2gccst|aEconomic forecasting |
| 692 | 07|2gccst|aFiscal policy |
| 710 | 1 |aCanada. |bOffice of the Parliamentary Budget Officer. |
| 775 | 08|tComparaison des projections à long terme du DPB et du ministère des Finances Canada |w(CaOODSP)9.867525 |
| 856 | 40|qPDF|s366 KB|uhttps://publications.gc.ca/collections/collection_2019/dpb-pbo/YN5-168-2019-eng.pdf |